Statistics for TV characters that were re-cast

Click here to take the quiz!

General Stats

  • This quiz has been taken 24 times
  • The average score is 10 of 24

Answer Stats

Original ActorReplacementAnswer% Correct
Julie NewmarEartha KittCatwoman
80%
Batman
75%
Bewitched
75%
Dick YorkDick SargentDarrin Stephens
75%
Alicia GoransonSarah ChalkeBecky Conner
60%
Roseanne
60%
Family Guy
55%
Cagney & Lacey
50%
Meg FosterSharon GlessChristine Cagney
50%
Lacey ChabertMila KunisMeg Griffin
50%
That 70's Show
50%
The Munsters
45%
Beverley OwenPat PriestMarilyn Munster
40%
Dallas
35%
Mike EvansDamon EvansLionel Jefferson
35%
The Jeffersons
35%
The Fresh Prince of Bel-Air
30%
Janet HubertDaphne Maxwell ReidVivian Banks
30%
Lisa Robin KellyChristina MooreLaurie Forman
25%
Ed SkreinMichiel HuismanDaario Naharis
20%
Game of Thrones
15%
Morgan FairchildFrancine Tacker, Priscilla PresleyJenna Wade
15%
Riverdale
10%
Ross ButlerCharles MeltonReggie Mantle
5%

Score Distribution

Percentile by Number Answered

Percent of People with Each Score

Your Score History

You have not taken this quiz